| 000 | 00523cam a2200205ua 4500 | ||
|---|---|---|---|
| 001 | 11842 | ||
| 005 | 20260515114815.0 | ||
| 008 | 191113n ii |||gr||||Z||||||eng | ||
| 020 | _a8176569100 | ||
| 040 | _cMAIN | ||
| 082 | _a005.74 | ||
| 100 |
_aIvan Bayross, _eAuthor., |
||
| 245 |
_aAdministering oracle _cBy Ivan Bayross |
||
| 250 | _a1st ed. | ||
| 260 |
_aNew Delhi: _bBpb publications, _c2016. |
||
| 300 | _a324p. | ||
| 653 | _aComputer programming, programs & data | ||
| 653 | _aOracle databases | ||
| 942 | _cBK | ||
| 999 |
_c10624 _d10624 |
||